Statistiques concernant Coachs de foot par images

Cliquez ici pour prendre le quiz!

Statistiques générales

  • Ce quiz a été pris 80 fois
  • Le résultat moyen est 12 sur 15

Statistiques - réponses

Réponse% Correct
Carlo Ancelotti
100%
Didier Deschamps
99%
Jürgen Klopp
99%
Zinédine Zidane
99%
Luis Enrique
96%
José Mourinho
93%
Arsène Wenger
91%
Mauricio Pochettino
84%
Erik ten Hag
77%
Joachim Löw
73%
Louis van Gaal
69%
Guy Roux
64%
Jorge Sampaoli
57%
Roberto Mancini
52%
Maurizio Sarri
51%

Distribution des résultats

Percentile par nombre de réponses

% des personnes avec chaque résultat

Votre développement - résultats

Vous n’avez pas pris ce quiz